| 000 | 00954nam a2200301Ia 4500 | ||
|---|---|---|---|
| 001 | Z_3784 | ||
| 003 | CHAP | ||
| 008 | 220113s2001 xx 000 0 und d | ||
| 010 | _a163613 | ||
| 040 | _cCHAP | ||
| 090 | _aTesis V 1530 | ||
| 100 |
_aVera Uribe, Mariana _9118795 |
||
| 245 |
_aProductividad y valor nutritivo de 30 genotipos de maíz (Zea mays L) para forraje en la región de Valles Altos / _cpor Mariana Vera Uribe y J. Isabel Vázquez Lemus |
||
| 260 |
_aChapingo, Méx. : _bEl autor, _c2001 |
||
| 300 | _a105 h. | ||
| 502 | _aTesis (Ing. Agr. Esp. en Zootecnia) -- UACH. Departamento de Zootecnia | ||
| 650 |
_aMaíz como forraje _971109 |
||
| 650 |
_aMaíz _xGenética _970963 |
||
| 650 |
_aMaíz _xRendimiento _971051 |
||
| 650 |
_aMaíz _xValor nutritivo _971080 |
||
| 700 |
_aVázquez Lemus, J. Isabel _9120405 |
||
| 901 | _aTESIS V 1530 | ||
| 902 | _aM | ||
| 910 | _a2001 | ||
| 942 | _c2 | ||
| 942 | _c2 | ||
| 999 |
_c163613 _d163613 |
||